000 00395pab a2200169 454500
008 180718b1996 xxu||||| |||| 00| 0 eng d
100 _aRaya, R. Prabhakara
245 _aOrganizing a management school
260 _c1996
300 _ap.6-8
362 _a9 Dec
650 _aEducation
650 _aSchool
650 _aManagement education
773 _aUniversity News
909 _a32962
999 _c32962
_d32962